BTS Anpanman - Lyrics - Statistics

General Stats
  • This quiz has been taken 9 times
  • The average score is 158 of 334
Answer Stats
Lyrics % Correct
a
100%
Anpan
100%
Anpanman
100%
"Anpanman"
100%
for
89%
hear
89%
you,
89%
you
89%
I
78%
man,
78%
man
78%
man)
78%
me,
78%
men,
78%
say
78%
say,
78%
say)
78%
super
78%
superhero
78%
Waiting
78%
hero
67%
ballin',
56%
generation
56%
I'm
56%
new
56%
not
56%
the
56%
"All
44%
be
44%
can
44%
cop
44%
it
44%
out"
44%
still
44%
young
44%
(Young
44%
Young
44%
your
44%
bad
33%
Batman
33%
Keep
33%
Superman
33%
ya
33%
(Yeah)
33%
yeah,
33%
yeah
33%
(Yeah;
33%
Yeah,
33%
yeah)
33%
Yeah)
33%
(Yeah,
33%
(Ah)
22%
car
22%
in
22%
(Lemme
22%
lemme
22%
Lemme
22%
like
22%
oh)
22%
oh;
22%
oh
22%
(Turn
22%
turn
22%
up,
22%
up)
22%
Ay,
11%
Ay
11%
(Ayy)
11%
call
11%
(Ooh;
11%
(Panman)
11%
(Ah-ah)
0%
Anpanman-panman-panman
0%
(Brr)
0%
But
0%
but
0%
(Uh,
0%
(Woah,
0%
Woah,
0%
(Woo)
0%
Woo)
0%
Woo,
0%
yah)
0%
No matching quizzes found
Score Distribution
Percent of People with Each Score
Percentile by Number Answered
Your Score History
You have not taken this quiz